| 000 | 00409nam a2200157Ia 4500 | ||
|---|---|---|---|
| 008 | 230312s9999||||xx |||||||||||||| ||und|| | ||
| 020 | _a81-317-1132-3 | ||
| 082 |
_a302.35 _bROB |
||
| 100 | _aRobbins Stephen , P. | ||
| 245 | 0 | _aOrganizational Behavior | |
| 260 |
_bPrentice Halll _aIndia _c2007 |
||
| 300 | _a829 | ||
| 546 | _aEng. | ||
| 650 |
_aEconomics _vIntroduction , Individual , Group , |
||
| 942 | _cBK | ||
| 999 |
_c2783 _d2783 |
||